[Event "Ghent op 44th"]
[Site "Ghent"]
[Date "2023.07.13"]
[Round "3"]
[White "Van der Stricht, Geert"]
[Black "Grooten, Herman"]
[Result "1-0"]
[WhiteElo "2329"]
[BlackElo "2241"]
[PlyCount "113"]
[EventDate "2023.07.11"]
[EventType "swiss"]
[EventRounds "9"]
[EventCountry "BEL"]
[SourceTitle "EXT 2024"]
[Source "ChessBase"]
[SourceDate "2023.10.10"]
[SourceVersion "1"]
[SourceVersionDate "2023.10.10"]
[SourceQuality "1"]

1. d4 Nf6 2. c4 c5 3. d5 b5 4. cxb5 a6 5. bxa6 g6 6. Nc3 Bg7 7. g3 d6 8. Bg2 0-0 9. Nf3 Nbd7 10. 0-0 Nb6 11. e4 Bxa6 12. Re1 Nfd7 13. Bf1 Nc4 14. Bxc4 Bxc4 15. Qc2 Qa5 16. Bf4 Bxc3 17. bxc3 f6 18. a4 Rfb8 19. Nd2 Qa6 20. a5 Bd3 21. Qd1 c4 22. Be3 Qc8 23. Qg4 Nc5 24. Qxc8+ Rxc8 25. Bxc5 Rxc5 26. a6 Ra7 27. f3 Rb5 28. Ra2 Kf7 29. Kf2 e6 30. dxe6+ Kxe6 31. Rea1 d5 32. Ra5 Rb2 33. exd5+ Kd6 34. Ke3 f5 35. R1a2 Rxa2 36. Rxa2 Kxd5 37. Ra5+ Kc6 38. Kd4 Rd7+ 39. Ke5 Ra7 40. Ra2 Kb6 41. Kd6 Rxa6 42. Rxa6+ Kxa6 43. Kc5 Be2 44. f4 Ka5 45. Nxc4+ Ka4 46. Ne5 Kb3 47. Kd4 Kc2 48. Nd7 Bb5 49. Nf8 Kd2 50. Nxh7 Ke2 51. c4 Be8 52. Nf6 Ba4 53. Nd5 Kf3 54. Ne7 Kg2 55. Ke3 Kxh2 56. Kf2 Kh3 57. Nxg6 1-0

[Event "BEL-ch"]
[Site "Bruges"]
[Date "2022.08.19"]
[Round "9"]
[White "Van der Stricht, Geert"]
[Black "Dgebuadze, Alexandre"]
[Result "0-1"]
[WhiteElo "2365"]
[BlackElo "2436"]
[PlyCount "70"]
[EventDate "2022.08.11"]
[EventType "tourn"]
[EventRounds "9"]
[EventCountry "BEL"]
[EventCategory "4"]
[SourceTitle "CBM 209 Extra"]
[Source "ChessBase"]
[SourceDate "2022.09.30"]
[SourceVersion "1"]
[SourceVersionDate "2022.09.30"]
[SourceQuality "1"]

1. d4 e6 2. c4 Bb4+ 3. Bd2 a5 4. Nf3 Nf6 5. Nc3 b6 6. g3 Ba6 7. Qb3 Nc6 8. d5 a4 9. Nxa4 Bxd2+ 10. Nxd2 Na5 11. Qc3 exd5 12. cxd5 0-0 13. Bg2 Re8 14. e3 Ng4 15. b3 Qg5 16. Ne4 Qf5 17. Qc2 Nb7 18. 0-0-0 b5 19. Nb2 Nf6 20. Nxf6+ Qxf6 21. Rd4 Nd6 22. Kb1 b4 23. Rxb4 Nb5 24. Ka1 Nc3 25. Rd4 Nxa2 26. Na4 Nb4 27. Qb2 Nd3 28. Rxd3 Qxb2+ 29. Kxb2 Bxd3 30. Nc5 Bb5 31. d6 Ra7 32. Rd1 Kf8 33. Rd4 cxd6 34. Rxd6 Rb8 35. Rd4 Rc7 0-1

[Event "Geraardsbergen op 37th"]
[Site "Geraardsbergen"]
[Date "2022.08.08"]
[Round "4"]
[White "Van der Stricht, Geert"]
[Black "Haak, Tillmann"]
[Result "1-0"]
[WhiteElo "2365"]
[BlackElo "2011"]
[PlyCount "31"]
[EventDate "2022.08.07"]
[EventType "swiss"]
[EventRounds "9"]
[EventCountry "BEL"]
[SourceTitle "CBM 209 Extra"]
[Source "ChessBase"]
[SourceDate "2022.09.30"]
[SourceVersion "1"]
[SourceVersionDate "2022.09.30"]
[SourceQuality "1"]

1. d4 Nf6 2. c4 e6 3. g3 d5 4. Bg2 Be7 5. Nf3 0-0 6. 0-0 b6 7. cxd5 exd5 8. Nc3 Bb7 9. Bf4 c5 10. Rc1 Nc6 11. a3 Rc8 12. Bh3 Ra8 13. Nb5 a6 14. Bc7 Qe8 15. Nd6 Bxd6 16. Bxd6 1-0

[Event "Geraardsbergen op 37th"]
[Site "Geraardsbergen"]
[Date "2022.08.07"]
[Round "1"]
[White "Smolders, Bavo"]
[Black "Van der Stricht, Geert"]
[Result "1/2-1/2"]
[WhiteElo "1687"]
[BlackElo "2365"]
[PlyCount "200"]
[EventDate "2022.08.07"]
[EventType "swiss"]
[EventRounds "9"]
[EventCountry "BEL"]
[SourceTitle "CBM 209 Extra"]
[Source "ChessBase"]
[SourceDate "2022.09.30"]
[SourceVersion "1"]
[SourceVersionDate "2022.09.30"]
[SourceQuality "1"]

1. e4 c5 2. Nf3 d6 3. c3 Nf6 4. Be2 g6 5. 0-0 Bg7 6. d3 0-0 7. Nbd2 Nc6 8. Re1 b5 9. d4 Rb8 10. Bf1 b4 11. Nb3 bxc3 12. bxc3 Bg4 13. h3 Bxf3 14. Qxf3 cxd4 15. cxd4 Nd7 16. Be3 Na5 17. Rab1 Nxb3 18. axb3 a5 19. Rec1 Qb6 20. Qd1 Rfc8 21. Bc4 Qd8 22. Qd2 Nf6 23. e5 dxe5 24. dxe5 Ne8 25. f4 e6 26. Ra1 Qh4 27. Rxa5 Bf8 28. Ra7 Rd8 29. Qe1 Qxe1+ 30. Rxe1 Rbc8 31. Kf1 Bb4 32. Rb1 Bd2 33. Bb6 Bxf4 34. Bxd8 Rxd8 35. Ra5 Kg7 36. b4 Rd4 37. Rc5 Re4 38. Re1 Be3 39. Rc8 Rf4+ 40. Ke2 Bb6 41. g3 Rd4 42. Bd3 Nc7 43. Rb8 Nd5 44. Kd2 Rxb4 45. Rb1 Rxb1 46. Bxb1 Bc7 47. Rb5 Bxe5 48. Ba2 Bxg3 49. Bxd5 exd5 50. Rxd5 h5 51. Ke2 Kf6 52. Kf3 Be5 53. Ke4 Bh2 54. Rd2 Bg3 55. Rd3 Bc7 56. Rd7 Bb8 57. Rb7 Bd6 58. Kd5 Bg3 59. Rb3 h4 60. Rf3+ Kg7 61. Rb3 Bf4 62. Ke4 Bh2 63. Rb2 Bd6 64. Rb6 Bg3 65. Rb7 Kf6 66. Rb5 Ke6 67. Rb6+ Bd6 68. Ra6 f5+ 69. Kf3 g5 70. Rb6 Kd5 71. Rb5+ Bc5 72. Rb7 Ke6 73. Rb5 Bg1 74. Rb1 Bd4 75. Rb4 Bc5 76. Rb5 Be7 77. Rb6+ Ke5 78. Rb5+ Kf6 79. Rb6+ Kf7 80. Rb5 Kg6 81. Rd5 Bb4 82. Rb5 Bc3 83. Rc5 Bd4 84. Rd5 Bg7 85. Rb5 Bf8 86. Rd5 Bb4 87. Rb5 Bd2 88. Rd5 Bf4 89. Rb5 Bg3 90. Rd5 Kf6 91. Rb5 Ke6 92. Ra5 Bd6 93. Rb5 Be5 94. Ra5 Bd4 95. Rb5 Bg1 96. Ra5 Kf6 97. Rb5 Kg6 98. Rd5 Bh2 99. Rb5 Bc7 100. Rd5 Bf4 1/2-1/2

[Event "Ghent op 43rd"]
[Site "Ghent"]
[Date "2022.07.23"]
[Round "8"]
[White "Van der Stricht, Geert"]
[Black "Omelja, Artem"]
[Result "1-0"]
[WhiteElo "2365"]
[BlackElo "2478"]
[PlyCount "105"]
[EventDate "2022.07.20"]
[EventType "swiss"]
[EventRounds "9"]
[EventCountry "BEL"]
[SourceTitle "CBM 209 Extra"]
[Source "ChessBase"]
[SourceDate "2022.09.30"]
[SourceVersion "1"]
[SourceVersionDate "2022.09.30"]
[SourceQuality "1"]

1. d4 d5 2. c4 e6 3. Nf3 Nf6 4. g3 Bb4+ 5. Bd2 Be7 6. Bg2 0-0 7. Qc2 c6 8. 0-0 Nbd7 9. Rd1 a5 10. Bf4 Ne4 11. Nc3 g5 12. Bc1 Nd6 13. c5 Ne8 14. e4 f5 15. exf5 exf5 16. Re1 Bf6 17. Na4 Ng7 18. Bd2 g4 19. Ne5 Bxe5 20. dxe5 Ne6 21. Bh6 Rf7 22. h3 Kh8 23. hxg4 fxg4 24. Rac1 Qg8 25. Qd2 Qg6 26. Rc3 Qh5 27. Bf4 Ndf8 28. Nb6 Rb8 29. Be3 Ng7 30. Nxc8 Rxc8 31. Bg5 Nfe6 32. Bf6 Kg8 33. f3 Rcf8 34. Bxg7 Nxg7 35. f4 Qg6 36. Bf1 h5 37. Bd3 Qh6 38. Re2 Ne6 39. Bc2 h4 40. f5 Ng5 41. f6 Re8 42. Kg2 Qh5 43. Qf4 Ne6 44. Qf2 h3+ 45. Kh1 Rff8 46. Ra3 Ra8 47. Ra4 Kf7 48. Bf5 Rg8 49. Bxe6+ Kxe6 50. Rf4 Rg5 51. f7 Rf8 52. Rf6+ Ke7 53. Qf4 1-0

[Event "Ghent op 43rd"]
[Site "Ghent"]
[Date "2022.07.22"]
[Round "5"]
[White "Burdalev, Kirill"]
[Black "Van der Stricht, Geert"]
[Result "0-1"]
[WhiteElo "2381"]
[BlackElo "2365"]
[PlyCount "159"]
[EventDate "2022.07.20"]
[EventType "swiss"]
[EventRounds "9"]
[EventCountry "BEL"]
[SourceTitle "CBM 209 Extra"]
[Source "ChessBase"]
[SourceDate "2022.09.30"]
[SourceVersion "1"]
[SourceVersionDate "2022.09.30"]
[SourceQuality "1"]

1. d4 Nf6 2. Nf3 d5 3. c4 c6 4. e3 Bg4 5. h3 Bh5 6. Bd3 e6 7. Nbd2 Bg6 8. Bxg6 hxg6 9. Qc2 Nbd7 10. 0-0 Bb4 11. e4 Rh5 12. e5 Ng8 13. Qb3 a5 14. cxd5 cxd5 15. Nb1 Qb6 16. a3 Bf8 17. Qd1 Ne7 18. Nc3 Nc6 19. Rb1 Be7 20. Be3 Qa6 21. Ne2 a4 22. Nf4 Rh8 23. Bd2 g5 24. Ne2 g4 25. hxg4 Qd3 26. Bf4 Qh7 27. Ng3 Nb6 28. Rc1 Nc4 29. Rxc4 dxc4 30. d5 exd5 31. Qxd5 Rd8 32. Qb5 Kf8 33. Re1 Nd4 34. Nxd4 Rxd4 35. Qxa4 Qd3 36. Qa8+ Rd8 37. Qxb7 g6 38. Qe4 Rd4 39. Qxd3 cxd3 40. Be3 Rxg4 41. Rd1 Bh4 42. Rxd3 Bxg3 43. fxg3 Ke7 44. Bd2 Rc8 45. Bc3 Re4 46. Kf2 g5 47. Re3 Rec4 48. Rd3 Re4 49. Kf3 Rec4 50. Ke2 g4 51. Kd2 R8c6 52. Rd4 Rxd4+ 53. Bxd4 Ke6 54. Bc3 Kd5 55. Ke3 Rh6 56. Kf4 Rh2 57. Kxg4 Ke4 58. Kg5 Rxg2 59. Kf6 Rf2+ 60. Ke7 Kd5 61. a4 Kc6 62. a5 Rf5 63. e6 fxe6 64. Kxe6 Rg5 65. Be1 Rg8 66. Kf5 Rf8+ 67. Kg5 Rg8+ 68. Kf4 Rf8+ 69. Ke3 Re8+ 70. Kf2 Kd5 71. Bc3 Ke4 72. Ke2 Rg8 73. Be1 Rb8 74. b4 Re8 75. Bf2 Kd5+ 76. Kd3 Rf8 77. Be3 Rf3 78. g4 Rg3 79. g5 Rg4 80. b5 0-1

[Event "Ghent op 43rd"]
[Site "Ghent"]
[Date "2022.07.20"]
[Round "2"]
[White "Hol, Camile"]
[Black "Van der Stricht, Geert"]
[Result "0-1"]
[WhiteElo "1996"]
[BlackElo "2365"]
[PlyCount "136"]
[EventDate "2022.07.20"]
[EventType "swiss"]
[EventRounds "9"]
[EventCountry "BEL"]
[SourceTitle "CBM 209 Extra"]
[Source "ChessBase"]
[SourceDate "2022.09.30"]
[SourceVersion "1"]
[SourceVersionDate "2022.09.30"]
[SourceQuality "1"]

1. e4 c5 2. Nc3 Nc6 3. f4 g6 4. Nf3 Bg7 5. Bc4 e6 6. 0-0 Nge7 7. d3 d5 8. Bb3 0-0 9. e5 Bd7 10. Ne2 b5 11. c3 c4 12. Bc2 cxd3 13. Qxd3 b4 14. c4 dxc4 15. Qxc4 Qb6+ 16. Kh1 Rfd8 17. Qe4 Nd5 18. Ned4 Rac8 19. Bb3 Be8 20. Bxd5 Rxd5 21. Be3 Nxd4 22. Nxd4 Rc4 23. Rfd1 Qd8 24. Rd2 Bf8 25. Rad1 Qc8 26. Qf3 Rc1 27. h3 Rxd1+ 28. Qxd1 Qa6 29. b3 Qb7 30. Nf3 Rxd2 31. Nxd2 Bc6 32. Qe2 Bd5 33. Nc4 Qc7 34. Qf2 a6 35. Qe2 Qc6 36. Nb2 Be4 37. Nc4 Qd5 38. Qd2 Bd3 39. Nb6 Qb5 40. Qc1 Be4 41. Qd2 Qf1+ 42. Kh2 Be7 43. Nd7 Kg7 44. Nf6 Bc6 45. Bd4 Qb1 46. Ng4 Qe4 47. Nf6 Qf5 48. Ng4 h5 49. Nf2 g5 50. Be3 gxf4 51. Bxf4 Bd5 52. Nd3 Qe4 53. Bh6+ Kh7 54. Be3 Bc6 55. Bf4 Bf8 56. Bg3 Bh6 57. Qc2 Kg8 58. Nxb4 h4 59. Bxh4 Qxb4 60. Qxc6 Qxh4 61. g3 Qd4 62. Qxa6 Qf2+ 63. Kh1 Qf3+ 64. Kh2 Be3 65. Qc8+ Kg7 66. Qc2 Bf2 67. Qc1 Bxg3+ 68. Kg1 Qf2+ 0-1

[Event "NED-chT 2122"]
[Site "Netherlands"]
[Date "2021.09.18"]
[Round "1.8"]
[White "Kikkert, Robert"]
[Black "Van der Stricht, Geert"]
[Result "0-1"]
[WhiteElo "2235"]
[BlackElo "2369"]
[PlyCount "96"]
[EventDate "2021.09.18"]
[EventType "team-tourn"]
[EventRounds "9"]
[EventCountry "NED"]
[SourceTitle "EXT 2023"]
[Source "ChessBase"]
[SourceDate "2022.10.05"]
[SourceVersion "1"]
[SourceVersionDate "2022.10.05"]
[SourceQuality "1"]
[WhiteTeam "Caissa"]
[BlackTeam "Den Bosch HMC"]
[WhiteTeamCountry "NED"]
[BlackTeamCountry "NED"]

1. d4 Nf6 2. c4 e6 3. Nc3 Bb4 4. e3 0-0 5. Nge2 Re8 6. a3 Bf8 7. Ng3 d5 8. cxd5 exd5 9. Bd3 a5 10. 0-0 Nbd7 11. Bd2 Nb6 12. Rc1 g6 13. h3 h5 14. Qf3 Bh6 15. Rfd1 h4 16. Nge2 c6 17. e4 Bxd2 18. Rxd2 dxe4 19. Nxe4 Nbd5 20. Ng5 Qd6 21. Nc3 Nxc3 22. bxc3 Kg7 23. Bc4 Re7 24. Re2 Rxe2 25. Qxe2 Qxa3 26. Qe3 b5 27. Bxf7 Ra7 28. Be6 Re7 29. Re1 Qd6 30. f4 Nd5 31. Qe5+ Qxe5 32. Rxe5 Bxe6 33. Nxe6+ Kf6 34. Nd8 Nxf4 35. Nxc6 Rxe5 36. dxe5+ Ke6 37. Nxa5 Ne2+ 38. Kf2 Nxc3 39. Kf3 Kxe5 40. Kg4 Ne4 41. Nc6+ Kd6 42. Nd4 b4 43. Kxh4 Kd5 44. Nb3 Kc4 45. Na5+ Kc3 46. Kg4 Nd2 47. Kf4 Nc4 48. Nb7 Kd4 0-1

[Event "BEL-ch"]
[Site "Bruges"]
[Date "2021.08.16"]
[Round "3"]
[White "Dgebuadze, Alexandre"]
[Black "Van der Stricht, Geert"]
[Result "1/2-1/2"]
[WhiteElo "2488"]
[BlackElo "2380"]
[PlyCount "82"]
[EventDate "2021.08.14"]
[EventType "tourn"]
[EventRounds "9"]
[EventCountry "BEL"]
[EventCategory "7"]
[SourceTitle "CBM 203 Extra"]
[Source "ChessBase"]
[SourceDate "2021.09.30"]
[SourceVersion "1"]
[SourceVersionDate "2021.09.30"]
[SourceQuality "1"]

1. e4 c5 2. Nf3 d6 3. d4 cxd4 4. Nxd4 Nf6 5. Nc3 a6 6. Bc4 e6 7. 0-0 b5 8. Bb3 Bd7 9. Re1 Nc6 10. a4 Be7 11. axb5 Nxd4 12. Qxd4 axb5 13. Rxa8 Qxa8 14. Qd3 0-0 15. Bg5 Bc6 16. h3 Rd8 17. Bxf6 Bxf6 18. Nxb5 Bxb2 19. Nd4 Qa5 20. Rb1 Bd7 21. Ne2 Be5 22. f4 Qc5+ 23. Kh1 Bf6 24. Rd1 Bb5 25. c4 Be8 26. Bc2 g6 27. f5 exf5 28. exf5 Qf2 29. fxg6 hxg6 30. Qf3 Qxf3 31. gxf3 Bc6 32. Be4 Bxe4 33. fxe4 Kg7 34. Ng1 Rc8 35. Rc1 Re8 36. Re1 Bh4 37. Re2 Bd8 38. Kg2 Bb6 39. Nf3 Bc5 40. e5 Re6 41. Kf1 dxe5 1/2-1/2

[Event "BEL-ch"]
[Site "Bruges"]
[Date "2021.08.14"]
[Round "1"]
[White "Vandenbussche, Thibaut"]
[Black "Van der Stricht, Geert"]
[Result "1/2-1/2"]
[WhiteElo "2432"]
[BlackElo "2380"]
[PlyCount "117"]
[EventDate "2021.08.14"]
[EventType "tourn"]
[EventRounds "9"]
[EventCountry "BEL"]
[EventCategory "7"]
[SourceTitle "CBM 203 Extra"]
[Source "ChessBase"]
[SourceDate "2021.09.30"]
[SourceVersion "1"]
[SourceVersionDate "2021.09.30"]
[SourceQuality "1"]

1. e4 c5 2. Nf3 d6 3. Bb5+ Bd7 4. Bxd7+ Nxd7 5. 0-0 Ngf6 6. Re1 e6 7. c3 Be7 8. d4 0-0 9. e5 Ne8 10. exd6 Nxd6 11. Bf4 Rc8 12. Nbd2 cxd4 13. Nxd4 Nb6 14. Qg4 Bf6 15. Bxd6 Qxd6 16. Ne4 Qe7 17. Nb5 Rcd8 18. Nxa7 Be5 19. Qe2 Rd5 20. g3 Qd7 21. c4 Ra5 22. Rad1 Qe7 23. Nb5 Rxa2 24. Nec3 Bxc3 25. Nxc3 Ra6 26. Rd4 Nd7 27. Nd5 Qc5 28. Red1 exd5 29. Rxd5 Re6 30. Rxc5 Rxe2 31. Rxd7 Rxb2 32. Rb5 Rxb5 33. cxb5 Rb8 34. b6 g6 35. g4 g5 36. Kg2 Kg7 37. Kg3 Kf6 38. h4 Ke6 39. Rc7 h6 40. h5 Ra8 41. Rxb7 Ra3+ 42. f3 Rb3 43. Rb8 Rb2 44. f4 Rb3+ 45. Kf2 Rb2+ 46. Ke3 gxf4+ 47. Kxf4 Rb4+ 48. Kf3 Kf6 49. b7 Kg7 50. Ke3 Kh7 51. Kd3 Kg7 52. Kc3 Rb1 53. Kc4 Rc1+ 54. Kb5 Rb1+ 55. Kc6 Rc1+ 56. Kd6 Rd1+ 57. Ke5 Re1+ 58. Kf5 Rf1+ 59. Ke5 1/2-1/2

[Event "Geraardsbergen op 36th"]
[Site "Geraardsbergen"]
[Date "2021.08.08"]
[Round "2"]
[White "Van der Stricht, Geert"]
[Black "Beukenhorst, Edo"]
[Result "1/2-1/2"]
[WhiteElo "2380"]
[BlackElo "1933"]
[PlyCount "93"]
[EventDate "2021.08.08"]
[EventType "swiss"]
[EventRounds "9"]
[EventCountry "BEL"]
[SourceTitle "CBM 203 Extra"]
[Source "ChessBase"]
[SourceDate "2021.09.30"]
[SourceVersion "1"]
[SourceVersionDate "2021.09.30"]
[SourceQuality "1"]

1. d4 Nf6 2. c4 c5 3. d5 b5 4. cxb5 a6 5. bxa6 g6 6. Nc3 Bxa6 7. g3 d6 8. Bg2 Bg7 9. Nf3 0-0 10. 0-0 Nbd7 11. Rb1 Qa5 12. Bd2 Rfb8 13. Qc2 Ng4 14. h3 Nge5 15. Nxe5 Nxe5 16. b3 c4 17. Kh2 cxb3 18. axb3 Qc5 19. Qd1 Bb5 20. f4 Nd7 21. Rf3 Rc8 22. e4 Qb4 23. Nxb5 Qxb5 24. Bf1 Qb7 25. Rf2 Bd4 26. Rg2 Nc5 27. Be1 Bg7 28. Re2 Ra3 29. b4 Na4 30. Rb3 Ra1 31. Rb1 Ra3 32. Rc2 Nc3 33. Qc1 Ra2 34. Rxa2 Nxa2 35. Qd1 Nc3 36. Bxc3 Rxc3 37. b5 Qb6 38. Qd2 Bd4 39. Rb4 Bg1+ 40. Kg2 Qc5 41. Rb2 Be3 42. Qe2 Qa7 43. Rc2 Qa3 44. Rxc3 Qxc3 45. Qd3 Qb2+ 46. Be2 Bc5 47. h4 1/2-1/2

[Event "BEL-chT 1920"]
[Site "Belgium"]
[Date "2020.03.08"]
[Round "9.5"]
[White "Michalczak, Thomas"]
[Black "Van der Stricht, Geert"]
[Result "0-1"]
[WhiteElo "2304"]
[BlackElo "2373"]
[PlyCount "98"]
[EventDate "2019.09.29"]
[EventType "team-tourn"]
[EventRounds "11"]
[EventCountry "BEL"]
[SourceTitle "CBM 195 Extra"]
[Source "ChessBase"]
[SourceDate "2020.05.31"]
[SourceVersion "1"]
[SourceVersionDate "2020.05.31"]
[SourceQuality "1"]
[WhiteTeam "KSK47 Eynatten"]
[BlackTeam "KGSRL"]
[WhiteTeamCountry "BEL"]
[BlackTeamCountry "BEL"]

1. e4 c5 2. Nf3 d6 3. d4 cxd4 4. Nxd4 Nf6 5. Nc3 a6 6. Bg5 Nbd7 7. Qe2 h6 8. Bh4 g6 9. f4 e5 10. fxe5 dxe5 11. 0-0-0 Be7 12. Nb3 Qc7 13. Qf3 g5 14. Bg3 Nb6 15. Be2 Be6 16. Rhf1 Rc8 17. Nd4 Nbd7 18. Kb1 Qb6 19. Nxe6 fxe6 20. Bf2 Qc6 21. Qh3 h5 22. Qe3 Rg8 23. Be1 Bc5 24. Qh3 Ke7 25. Bxh5 Bd4 26. Be2 Rh8 27. Qf3 Rxh2 28. Qg3 Rhh8 29. Rxd4 exd4 30. e5 Nh7 31. Bd3 dxc3 32. Bxh7 Kd8 33. Bd3 cxb2 34. Bb4 Kc7 35. Bd6+ Kb6 36. Qe3+ Nc5 37. Be4 Qb5 38. Bd3 Qb4 39. Qxg5 Qd4 40. Bxc5+ Rxc5 41. Re1 Qc3 42. Qe3 Rh5 43. Qf2 Rhxe5 44. Rg1 Red5 45. Qe3 Re5 46. Qf2 Ka7 47. g4 Rg5 48. Re1 Rgd5 49. Qg1 Rxd3 0-1